[Event "BCF-ch Major"]
[White "Cowan, Xavier"]
[Black "Storey, Cameron"]
[Site "Hull"]
[Round "9"]
[Result "1-0"]
[Date "2024.08.04"]
[WhiteElo "1824"]
[BlackElo "1860"]
[PlyCount "45"]
[EventDate "2024.07.27"]
[EventType "swiss"]
[EventRounds "9"]
[EventCountry "ENG"]
[SourceTitle "CBM 221 Extra"]
[Source "ChessBase"]
[SourceDate "2024.09.30"]
[SourceVersion "1"]
[SourceVersionDate "2024.09.30"]
[SourceQuality "1"]

1. d4 g6 2. c4 Bg7 3. Nc3 c5 4. d5 Bxc3+ 5. bxc3 f5 6. Nf3 Qa5 7. Qb3 d6 8. e3 Bd7 9. Rb1 b6 10. Bd3 Nf6 11. 0-0 e5 12. dxe6 Bxe6 13. Ng5 Bd7 14. e4 h6 15. exf5 hxg5 16. Re1+ Kf8 17. Bxg5 Ne8 18. fxg6 Nc6 19. Qd1 Kg7 20. Qf3 Rf8 21. Bh6+ Kxh6 22. Qxf8+ Kg5 23. f4+ 1-0

[Event "BCF-ch Major"]
[White "Storey, Cameron"]
[Black "Sui, Yueyue"]
[Site "Hull"]
[Round "7"]
[Result "1-0"]
[Date "2024.08.02"]
[WhiteElo "1860"]
[BlackElo "1749"]
[PlyCount "73"]
[EventDate "2024.07.27"]
[EventType "swiss"]
[EventRounds "9"]
[EventCountry "ENG"]
[SourceTitle "CBM 221 Extra"]
[Source "ChessBase"]
[SourceDate "2024.09.30"]
[SourceVersion "1"]
[SourceVersionDate "2024.09.30"]
[SourceQuality "1"]

1. e4 e6 2. b3 d5 3. Bb2 d4 4. Nf3 c5 5. Bb5+ Bd7 6. Qe2 a6 7. Bxd7+ Qxd7 8. c3 Nc6 9. cxd4 cxd4 10. e5 Bc5 11. d3 Nge7 12. Nbd2 b5 13. Rc1 Ba7 14. h4 h5 15. 0-0 Nf5 16. a3 Rc8 17. g3 0-0 18. Ng5 g6 19. Nde4 Qe7 20. Nf6+ Kg7 21. Kh2 Nxe5 22. Nxh5+ gxh5 23. Qxe5+ Kg6 24. Qe4 Rc7 25. g4 hxg4 26. Qxg4 Kh6 27. Qf4 Rxc1 28. Nxe6+ Kg6 29. Nxf8+ Qxf8 30. Qg5+ Kh7 31. Qxf5+ Kh8 32. Bxc1 Bb8+ 33. Bf4 b4 34. axb4 Bxf4+ 35. Qxf4 Qxb4 36. Qh6+ Kg8 37. Rg1# 1-0

[Event "BCF-ch Major"]
[White "Ewart, Thomas"]
[Black "Storey, Cameron"]
[Site "Hull"]
[Round "4"]
[Result "1/2-1/2"]
[Date "2024.07.30"]
[WhiteElo "1550"]
[BlackElo "1860"]
[PlyCount "148"]
[EventDate "2024.07.27"]
[EventType "swiss"]
[EventRounds "9"]
[EventCountry "ENG"]
[SourceTitle "CBM 221 Extra"]
[Source "ChessBase"]
[SourceDate "2024.09.30"]
[SourceVersion "1"]
[SourceVersionDate "2024.09.30"]
[SourceQuality "1"]

1. e4 g6 2. d4 Bg7 3. Nf3 d6 4. Bc4 Nc6 5. Be3 Nf6 6. Nc3 0-0 7. 0-0 Ng4 8. Re1 Nxe3 9. Rxe3 Bg4 10. Ne2 Bxf3 11. Rxf3 e5 12. d5 Ne7 13. Nc3 f5 14. Qe2 f4 15. Rh3 Qc8 16. Qf3 Kh8 17. Be2 Ng8 18. Qg4 Qd8 19. Qxg6 h6 20. Bg4 Rf6 21. Qh5 Ne7 22. Be6 Rg6 23. Bf5 Rf6 24. Be6 Ng6 25. Bf5 Qe8 26. Bxg6 Rxg6 27. Nb5 Qf7 28. Qf5 Rf6 29. Qh5 Qd7 30. Nc3 Rg8 31. g3 Bf8 32. Rh4 Rfg6 33. Qe2 Be7 34. Rh5 fxg3 35. hxg3 Bg5 36. Qf3 Rf6 37. Qh1 Qf7 38. Rh2 Kh7 39. Qg2 Rfg6 40. Kh1 Rf6 41. Kg1 h5 42. Rf1 Rh6 43. Ne2 c6 44. c4 cxd5 45. cxd5 Qd7 46. Qf3 Kg6 47. Qf5+ Qxf5 48. exf5+ Kxf5 49. f3 Be3+ 50. Kh1 Rc8 51. Nc3 Rhh8 52. Re1 Bc5 53. Re4 Rcg8 54. Kg2 a6 55. Reh4 Kg6 56. g4 Bd4 57. Ne4 Rd8 58. b3 Bc5 59. Rxh5 Rxh5 60. Rxh5 Ba3 61. Rf5 Rd7 62. Rf6+ Kg7 63. g5 Rc7 64. Nxd6 Bxd6 65. Rxd6 Rc2+ 66. Kg3 Rxa2 67. Rd7+ Kg6 68. Rxb7 Kxg5 69. d6 Rd2 70. Rb6 a5 71. Rb5 Kf6 72. Rxa5 Rxd6 73. b4 Rb6 74. b5 Kf5 1/2-1/2